Ručne farbené a maľované textílie

Bibliographic Details
Main Authors: Mihalik, Béla (Author), Farkašová-Szomolányiová, Klára (Author)
Other Authors: Halásová, Ružena (Translator)
Format: Book
Language:Slovak
PhysicalDescription:252 s., 14,85 AH Tb. Fot. Sch. 21 cm
Published: Bratislava Alfa 1983
Edition:1. vyd.
Series:Urob si sám

MARC

LEADER 00000nam a2200000 a 4500
001 vtls001117281
003 SK-MaSNL
005 20260301180526.0
008 250414s1983 xo 0 slo
015 |a SNBA1984/01 
035 |a SNK000060124 
040 |a SNK  |b slo  |c SNK  |e AACR2 
041 0 |a slo 
044 |a xo  |c SK 
080 |a 677.027.4(035)  |2 1981 
100 1 |a Mihalik, Béla  |4 aut  |9 551925 
245 1 0 |a Ručne farbené a maľované textílie  |c Béla Mihalik, Klára Farkašová-Szomolányiová ; Ružena Halásová, Miroslav Floch 
250 |a 1. vyd. 
260 |a Bratislava  |b Alfa  |c 1983  |e Martin  |f Tlačiarne SNP 
300 |a 252 s., 14,85 AH  |b Tb. Fot. Sch.  |c 21 cm 
366 |e 9000 výtl. 
490 0 |a Urob si sám 
500 |a Lit. 17. 17 zázn. v češ., nem. a maď. 
700 1 |a Farkašová-Szomolányiová, Klára  |4 aut  |9 551926 
700 1 |a Halásová, Ružena  |4 trl  |9 44084 
700 1 |a Floch, Miroslav  |4 bkd  |9 277017 
852 |a Slovenská národná knižnica 
954 |a textílie  |a farbenie ručné  |a maľovanie ručné 
958 |a OND 
958 |a NB 
958 |a TL 
958 |a OP 
958 |a HU 
999 |c 846571  |d 848501 
952 |t snkMIH 677  |a SNKUST  |b SNKUST  |y PREZ  |7 0  |p 17A0176121  |o snkSC 60002 D1  |0 0  |1 0  |4 0  |d 1999-01-15  |l 0  |r 2025-03-20 00:00:00  |w 2026-02-24